00510nam a2200169Ia 4500008004100000041000800041082001700049100001600066245002700082250001400109260004700123650002700170700002100197942000700218952010000225999001500325230711s9999||||xx |||||||||||||| ||und|| aENG a620.11bPU-M aPunmia ,B.c 0aMechanics of materials a1st . Ed. c2002aNew DelhibLaxmi Publications(P) Ltd aMechanical Engineering aJain,Ashok Kumar cBK 001040708CaMCLbMCLd0000-00-00l0o620.11 PU-Mp14489r2023-08-17 14:44:39w2023-08-17yBK c8455d8455